Fundamentals of nursing : (Record no. 552)

MARC details
000 -LEADER
fixed length control field 00844nam a22002297a 4500
003 - CONTROL NUMBER IDENTIFIER
control field OSt
005 - DATE AND TIME OF LATEST TRANSACTION
control field 20211103164508.0
008 - FIXED-LENGTH DATA ELEMENTS--GENERAL INFORMATION
fixed length control field 211103b ||||| |||| 00| 0 eng d
020 ## - INTERNATIONAL STANDARD BOOK NUMBER
International Standard Book Number 9781496391001
040 ## - CATALOGING SOURCE
Original cataloging agency PHNSL
Transcribing agency PHNSL
100 ## - MAIN ENTRY--PERSONAL NAME
Personal name Taylor , Carol
245 ## - TITLE STATEMENT
Title Fundamentals of nursing :
Remainder of title the art and science of person-centered care /
Statement of responsibility, etc. Carol Taylor , Pamela Lyn and Jennifer L. Bartlett
250 ## - EDITION STATEMENT
Edition statement 9th ed.
260 ## - PUBLICATION, DISTRIBUTION, ETC.
Place of publication, distribution, etc. Philadelphia :
Name of publisher, distributor, etc. Wolters Kluwer ,
Date of publication, distribution, etc. 2019 .
300 ## - PHYSICAL DESCRIPTION
Extent xxxvii , 1863 p. : ill , tables , charts , pics. , colour .
500 ## - GENERAL NOTE
General note Includes reflective practice, technology alerts, information chapter, QSEN boxes, legal alerts, etc.
504 ## - BIBLIOGRAPHY, ETC. NOTE
Bibliography, etc. note Includes bibliography and indexes.
650 ## - SUBJECT ADDED ENTRY--TOPICAL TERM
Source of heading or term Nursing
651 ## - SUBJECT ADDED ENTRY--GEOGRAPHIC NAME
Source of heading or term USA
700 ## - ADDED ENTRY--PERSONAL NAME
Personal name Taylor, Carol , Lynn, Pamela and Bartlett, Jennifer L.
942 ## - ADDED ENTRY ELEMENTS (KOHA)
Source of classification or shelving scheme Library of Congress Classification
Koha item type Books
Holdings
Withdrawn status Lost status Source of classification or shelving scheme Damaged status Not for loan Home library Current library Date acquired Total Checkouts Full call number Barcode Date last seen Copy number Price effective from Koha item type Public note
    Library of Congress Classification     Public Health Nurses School Public Health Nurses School 11/03/2021   RT41.T21 01621 11/03/2021 c.1 11/03/2021 Books ho 03/11/21
Copyright © 2025 PHNS Library. All Rights Reserved.